000 00817nab a2200253 u 4500
001 10072
003 HDC
007 cr bn ---aaaaa
008 210203c9999 |r|nos 0 a may d
040 _aHDC
110 _aBernama
245 0 _aSMEcorp Sasar Lahir 80 Usahawan Belia Di Terengganu
260 _a[no place] :
_b[publisher not identified],
_c[no year]
336 _atext
_2rdacontent
337 _acomputer
_2rdamedia
338 _aonline resource
_2rdacarrier
650 _aentrepreneur program
_910276
650 _aEntrepreneur
_91863
650 _aSME corp
_99986
856 _zRequest full-text at [email protected]
942 _2lcc
942 _cNEWS
942 _kNWSO 000060
999 _c7395
_d7395